00703cam a22002411 4500001001300000003000400013005001700017008004100034010001700075025001900092040001800111043001200129050002300141082000800164100002600172245007700198250001400275260006500289300002500354350000900379650005600388999001700444sa 68003701 DLC20260227112455.0710903s1967 pk 000 0 eng  asa 68003701  aPL480:P-E-1231 aDLCcDLCdDLC aa-pk---00aKPL2832b.S24 196700a3401 aSaeed, Khawaja Amjad.10aIncome tax law with practical problems.cWith a foreword by S. A. Salam. a[1st ed.] aLahore,bAccountancy and Taxation Services Institutec[1967] aviii, 212 p.c25 cm. aRs11 0aIncome taxzPakistanxExaminations, questions, etc. c79679d79679